The Planning of a New Town; (Record no. 20340)

MARC details
000 -CABECERA
campo de control de longitud fija 00602nam a2200193 4500
003 - IDENTIFICADOR DEL NÚMERO DE CONTROL
campo de control OSt
005 - FECHA Y HORA DE LA ÚLTIMA TRANSACCIÓN
campo de control 20260601171007.0
008 - DATOS DE LONGITUD FIJA--INFORMACIÓN GENERAL
campo de control de longitud fija 260506b\\\\\\\\||||||||\||||\00|\0\eng\d
040 ## - FUENTE DE LA CATALOGACIÓN
Centro catalogador/agencia de origen ICI
Lengua de catalogación spa
Centro/agencia transcriptor ICI
050 ## - SIGNATURA TOPOGRÁFICA DE LA BIBLIOTECA DEL CONGRESO
Número de clasificación HT166
Número de documento/Ítem P53
100 #1 - ENTRADA PRINCIPAL--NOMBRE DE PERSONA
Nombre de persona Plummer, Desmon
9 (RLIN) 32513
245 #1 - MENCIÓN DE TÍTULO
Título The Planning of a New Town;
Resto del título Data and design based on a study for a new town of 100,000 at hook, hampshire
Mención de responsabilidad, etc. Desmon Plummer
264 ## - PRODUCCIÓN, PUBLICACIÓN, DISTRIBUCIÓN, FABRICACIÓN Y COPYRIGHT
Nombre del de productor, editor, distribuidor, fabricante Grater London Council
Fecha de producción, publicación, distribución, fabricación o copyright 1965
Producción, publicación, distribución, fabricación y copyright Londres
300 ## - DESCRIPCIÓN FÍSICA
Extensión 178 páginas
336 ## - TIPO DE CONTENIDO
Término de tipo de contenido texto
Fuente rdacontent
337 ## - TIPO DE MEDIO
Nombre/término del tipo de medio sin medio
Fuente rdamedia
338 ## - TIPO DE SOPORTE
Nombre/término del tipo de soporte volumen
Fuente rdacarrier
942 ## - ELEMENTOS DE PUNTO DE ACCESO ADICIONAL (KOHA)
Fuente del sistema de clasificación o colocación Library of Congress Classification
Tipo de ítem Koha Libros
Suprimir en OPAC 1

No items available.